| 000 | 00653nam a22001695i 4500 | ||
|---|---|---|---|
| 001 | 164514 | ||
| 003 | ES-MaACL | ||
| 005 | 20230906212942.0 | ||
| 008 | 990617s1900 sp |||| | spa d | ||
| 040 |
_aCCPB | B _bspa _cCCPB | B |
||
| 100 | 1 |
_aSan Martín y Falcón, José de. _9102276 |
|
| 245 | 1 | 0 |
_aBreves apuntes relativos á algunos ramos de la producción nacional / _cpor José de San Martín y Falcón. |
| 260 |
_aValencia : _b[s.n.], _c1900 ( _fImprenta y Litografía de J. Ortega) |
||
| 300 |
_a62 p. ; _c21 cm. |
||
| 597 | _aAntep. | ||
| 852 |
_aES-MaACL _jT-1164-F-3 _z-- Enc. hol. conservando la cub. original _z-- Enc. en un vol. facticio |
||
| 999 |
_c164514 _d164514 |
||